000 02139nam a2200373 i 4500
001 000048274
003 DO-SdBNP
005 20250904103433.0
007 ta
008 081201s2004 dr 001 0 spa d
020 _a9993477443
040 _aDO-SdBNP
_bspa
_cBNPHU
_erda
041 _aspa
082 4 _a972.9304
_bR696g 2004
_222
100 1 _aRodríguez Objío, Manuel,
_d1838-1871.
_9887
_eautor
_4aut.
245 1 0 _aGregorio Luperón e historia de la Restauración /
_cManuel Rodríguez Objío ; presentación, Porfirio García Fernández ; corrección, Marina Aybar Gómez y Frank Peña.
250 _aSegunda edición
264 4 _aSanto Domingo :
_bUniversitaria - UASD,
_c©2004.
300 _a2 volumen ;
_c21 cm.
336 _atexto
_btxt
_2rdacontent
337 _asin mediación
_bnc
_2rdamedia
338 _avolumen
_bnc
_2rdacarrier
490 _aUniversidad Autónoma de Santo Domingo
_v1149
490 _aCultura dominicana
_v106
500 _aLa biblioteca posee el volumen 2.
505 2 _av.2--
_gSegunda época --
_tPresentación --
_tManuel Rodríguez Objío precursor de la historia nacional --
_gCapítulo tercero.
_tRelaciones con Haití --
_gCapítulo cuarto.
_tEl Triunvirato en Santo Domingo: su renuncia --
_gCapítulo quinto.
_tEl Partido Nacional en el poder --
_gCapítulo sexto.
_tLos baecistas derrocan a Cabral --
_gTercera época.
_gCapítulo primero.
_tContrarrevolución de los proscritos --
_gCapítulo segundo.
_tLuperón dirige el movimiento nacionalista --
_gCapítulo tercero.
_tProyectos, intrigas y desavenencias --
_gCapítulo cuarto.
_tActividades de la causa nacional --
_gCapítulo quinto.
_tOdisea y complicaciones del "Telégrafo" --
_gCapítulo sexto.
_tAgitaciones contra la anexión a los Estados Unidos --
_tPost scriptum.
590 _aInventariado, 2019/LP
600 1 4 _aLuperón, Gregorio,
_d1839-1897
_9888
651 0 _aREPÚBLICA DOMINICANA
_xHISTORIA
_yRESTAURACIÓN 1863-1865
_9896
700 1 _aGarcía Fernández, Porfirio,
_epresentador
_917488
_4present.
700 1 _aAybar Gómez, Marina,
_ecorrector
_972321
_4co.
700 1 _aPeña, Frank,
_ecorrector
_975707
_4co.
942 _2ddc
_cLBS1
999 _c47762
_d47762